Fundamentals of psychiatric treatment planning (Record no. 440)

MARC details
000 -LEADER
fixed length control field 00706nam a2200229 a 4500
005 - DATE AND TIME OF LATEST TRANSACTION
control field 20260322212020.0
008 - FIXED-LENGTH DATA ELEMENTS--GENERAL INFORMATION
fixed length control field data
010 ## - LIBRARY OF CONGRESS CONTROL NUMBER
LC control number 2002027688
020 ## - INTERNATIONAL STANDARD BOOK NUMBER
International Standard Book Number 1585620610
020 ## - INTERNATIONAL STANDARD BOOK NUMBER
International Standard Book Number 9781585620616
040 ## - CATALOGING SOURCE
Original cataloging agency American Psychiatric Publishing
096 ## - LOCALLY ASSIGNED NLM-TYPE CALL NUMBER (OCLC)
Classification number WM 400 K35f 2003
001 - CONTROL NUMBER
control field data
100 1# - MAIN ENTRY--PERSONAL NAME
Personal name Kennedy, James A.,
Dates associated with a name 1946-
245 10 - TITLE STATEMENT
Title Fundamentals of psychiatric treatment planning
Statement of responsibility, etc. by James A. Kennedy.
250 ## - EDITION STATEMENT
Edition statement 2nd edit.
260 ## - PUBLICATION, DISTRIBUTION, ETC.
Place of publication, distribution, etc. Washington, DC
Name of publisher, distributor, etc. American Psychiatric Publishing
Date of publication, distribution, etc. c2003
300 ## - PHYSICAL DESCRIPTION
Extent 1 v. (various pagings) :
Other physical details forms ;
Dimensions 29 cm.
500 ## - GENERAL NOTE
General note Includes bibliographical references and index.
650 02 - SUBJECT ADDED ENTRY--TOPICAL TERM
Topical term or geographic name entry element Mental Disorders
General subdivision therapy
650 02 - SUBJECT ADDED ENTRY--TOPICAL TERM
Topical term or geographic name entry element Patient Care Planning
Holdings
Withdrawn status Lost status Damaged status Not for loan Home library Current library Shelving location Date acquired Total checkouts Full call number Barcode Date last seen Price effective from Koha item type
        Pleasant Valley Pleasant Valley General stacks 22/03/2026   GEN BC0010451 22/03/2026 22/03/2026 Books